1-Word TV Shows by Picture II Quiz Stats

Quiz Updated Apr 5, 2018

Challenge
Share
Tweet
Score 0/25 Timer 06:00
0 Plays Today
Hint Answer % Correct
ALF
89.7%
Futurama
89.5%
M*A*S*H
85.2%
Jeopardy!
82.9%
Sherlock
80.9%
MythBusters
78.1%
Pokémon
77.8%
Animaniacs
75.6%
Veep
75.5%
Doug
74.7%
Archer
72%
Black-ish
68.8%
Entourage
63.3%
Hint Answer % Correct
Survivor
61.4%
Empire
59.8%
Nashville
59.8%
Smallville
58.8%
Alias
56.1%
Psych
56.1%
Supernatural
52.1%
Firefly
44.2%
Narcos
40.7%
Girls
39.6%
Riverdale
34.7%
iZombie
30.8%

You're not logged in!

Compare scores with friends on all Sporcle quizzes.
Join for Free
OR
Log In

You Might Also Like...

Show Comments

Extras

Top Quizzes Today


Score Distribution

Your Account Isn't Verified!

In order to create a playlist on Sporcle, you need to verify the email address you used during registration. Go to your Sporcle Settings to finish the process.

Report this User

Report this user for behavior that violates our Community Guidelines.

Details: